<?xml version="1.0" encoding="UTF-8"?>
<collection xmlns="http://www.loc.gov/MARC21/slim">
 <record>
  <leader>02745caa a2200397   4500</leader>
  <controlfield tag="001">1758116048</controlfield>
  <controlfield tag="003">DE-627</controlfield>
  <controlfield tag="005">20210820215549.0</controlfield>
  <controlfield tag="007">cr uuu---uuuuu</controlfield>
  <controlfield tag="008">210518s2017    xx |||||oo    00| ||eng c</controlfield>
  <datafield tag="024" ind1="7" ind2=" ">
   <subfield code="a">10.29411/ncaw.2017.16.2.13</subfield>
   <subfield code="2">doi</subfield>
  </datafield>
  <datafield tag="035" ind1=" " ind2=" ">
   <subfield code="a">(DE-627)1758116048</subfield>
  </datafield>
  <datafield tag="035" ind1=" " ind2=" ">
   <subfield code="a">(DE-599)KXP1758116048</subfield>
  </datafield>
  <datafield tag="035" ind1=" " ind2=" ">
   <subfield code="a">(OCoLC)1264420060</subfield>
  </datafield>
  <datafield tag="040" ind1=" " ind2=" ">
   <subfield code="a">DE-627</subfield>
   <subfield code="b">ger</subfield>
   <subfield code="c">DE-627</subfield>
   <subfield code="e">rda</subfield>
  </datafield>
  <datafield tag="041" ind1=" " ind2=" ">
   <subfield code="a">eng</subfield>
  </datafield>
  <datafield tag="084" ind1=" " ind2=" ">
   <subfield code="a">KUNST</subfield>
   <subfield code="q">DE-16</subfield>
   <subfield code="2">fid</subfield>
  </datafield>
  <datafield tag="100" ind1="1" ind2=" ">
   <subfield code="a">Foa, Michelle</subfield>
   <subfield code="e">VerfasserIn</subfield>
   <subfield code="0">(DE-588)13941293X</subfield>
   <subfield code="0">(DE-627)610543431</subfield>
   <subfield code="0">(DE-576)311650325</subfield>
   <subfield code="4">aut</subfield>
  </datafield>
  <datafield tag="245" ind1="1" ind2="0">
   <subfield code="a">Degas</subfield>
   <subfield code="b">a new vision Museum of Fine Arts, Houston, october 16, 2016-january 16, 2017, Previously at: National Gallery of Victoria, Melbourne, june 24-september 18, 2016, Seurat’s Circus Sideshow, The Metropolitan Museum of Art, New York, february 17-may 29, 2017 : Catalogues: Degas: a new vision. Henri Loyrette. Melbourne, Victoria: Council of Trustees of the National Gallery of Victoria, 2016 - Seurat’s circus sideshow. Richard Thomson [...]. New York: The Metropolitan Museum of Art, 2017</subfield>
   <subfield code="c">Michelle Foa, Associate Professor of Art History Art Department, Tulane University</subfield>
  </datafield>
  <datafield tag="264" ind1=" " ind2="1">
   <subfield code="c">[2017]</subfield>
  </datafield>
  <datafield tag="336" ind1=" " ind2=" ">
   <subfield code="a">Text</subfield>
   <subfield code="b">txt</subfield>
   <subfield code="2">rdacontent</subfield>
  </datafield>
  <datafield tag="337" ind1=" " ind2=" ">
   <subfield code="a">Computermedien</subfield>
   <subfield code="b">c</subfield>
   <subfield code="2">rdamedia</subfield>
  </datafield>
  <datafield tag="338" ind1=" " ind2=" ">
   <subfield code="a">Online-Ressource</subfield>
   <subfield code="b">cr</subfield>
   <subfield code="2">rdacarrier</subfield>
  </datafield>
  <datafield tag="500" ind1=" " ind2=" ">
   <subfield code="a">Gesehen am 18.05.2021</subfield>
  </datafield>
  <datafield tag="655" ind1=" " ind2="7">
   <subfield code="a">Rezension</subfield>
   <subfield code="0">(DE-588)4049712-4</subfield>
   <subfield code="0">(DE-627)106186019</subfield>
   <subfield code="0">(DE-576)209083166</subfield>
   <subfield code="2">gnd-content</subfield>
  </datafield>
  <datafield tag="773" ind1="0" ind2="8">
   <subfield code="i">Enthalten in</subfield>
   <subfield code="t">Nineteenth century art worldwide</subfield>
   <subfield code="d">College Park, Md. : Univ. of Maryland, 2002</subfield>
   <subfield code="g">16(2017), 2</subfield>
   <subfield code="h">Online-Ressource</subfield>
   <subfield code="w">(DE-627)363760202</subfield>
   <subfield code="w">(DE-600)2107291-7</subfield>
   <subfield code="w">(DE-576)28122398X</subfield>
   <subfield code="x">1543-1002</subfield>
   <subfield code="7">nnns</subfield>
  </datafield>
  <datafield tag="773" ind1="1" ind2="8">
   <subfield code="g">volume:16</subfield>
   <subfield code="g">year:2017</subfield>
   <subfield code="g">number:2</subfield>
  </datafield>
  <datafield tag="787" ind1="0" ind2="8">
   <subfield code="i">Rezension von</subfield>
   <subfield code="a">Degas, Edgar, 1834 - 1917</subfield>
   <subfield code="t">Degas - a new vision</subfield>
   <subfield code="d">Melbourne, Victoria, Australia : National Gallery of Victoria, 2016</subfield>
   <subfield code="h">287 Seiten</subfield>
   <subfield code="w">(DE-627)865985189</subfield>
   <subfield code="w">(DE-576)476195136</subfield>
   <subfield code="z">1925432114</subfield>
   <subfield code="z">1925432122</subfield>
   <subfield code="z">9781925432114</subfield>
   <subfield code="z">9781925432121</subfield>
  </datafield>
  <datafield tag="787" ind1="0" ind2="8">
   <subfield code="i">Rezension von</subfield>
   <subfield code="a">Thomson, Richard, 1953 - </subfield>
   <subfield code="t">Seurat's Circus sideshow</subfield>
   <subfield code="d">New York : The Metropolitan Museum of Art, 2017</subfield>
   <subfield code="h">144 Seiten</subfield>
   <subfield code="w">(DE-627)872545121</subfield>
   <subfield code="w">(DE-576)485922738</subfield>
   <subfield code="z">9781588396150</subfield>
  </datafield>
  <datafield tag="856" ind1="4" ind2="0">
   <subfield code="u">https://doi.org/10.29411/ncaw.2017.16.2.13</subfield>
   <subfield code="x">Verlag</subfield>
   <subfield code="x">Resolving-System</subfield>
   <subfield code="z">kostenfrei</subfield>
   <subfield code="3">Volltext</subfield>
  </datafield>
  <datafield tag="856" ind1="4" ind2="0">
   <subfield code="u">https://www.19thc-artworldwide.org/autumn17/foa-reviews-degas-a-new-vision-and-seurat-circus-sideshow</subfield>
   <subfield code="x">Verlag</subfield>
   <subfield code="z">kostenfrei</subfield>
   <subfield code="3">Volltext</subfield>
  </datafield>
  <datafield tag="951" ind1=" " ind2=" ">
   <subfield code="a">AR</subfield>
  </datafield>
  <datafield tag="994" ind1=" " ind2=" ">
   <subfield code="u">https://www.19thc-artworldwide.org/autumn17/foa-reviews-degas-a-new-vision-and-seurat-circus-sideshow</subfield>
  </datafield>
  <datafield tag="994" ind1=" " ind2=" ">
   <subfield code="u">https://www.19thc-artworldwide.org/autumn17/foa-reviews-degas-a-new-vision-and-seurat-circus-sideshow</subfield>
  </datafield>
  <datafield tag="991" ind1=" " ind2=" ">
   <subfield code="a">Rezension (Monographie, Zeitschrift, Aufsatz)</subfield>
  </datafield>
  <datafield tag="999" ind1=" " ind2=" ">
   <subfield code="a">KXP-PPN1758116048</subfield>
   <subfield code="e">4635281884</subfield>
  </datafield>
 </record>
</collection>
